Loading...
| MB | 1 | 7 | 1 | 3 | 80 | 66 | 105.13 | 0 | 8 | 0.00 | 0.00 |
| RR | 1 | 4 | 0 | 2 | 55 | 67 | 111.40 | 1 | 5 | 0.00 | 0.00 |
| TR | 2 | 2 | 0 | 0 | 50 | 30 | 76.00 | 2 | 4 | 0.00 | 0.00 |
| BB | 2 | 2 | 2 | 0 | 40 | 18 | 59.75 | 2 | 4 | 0.00 | 0.00 |
| AG | 1 | 2 | 1 | 1 | 30 | 46 | 94.33 | 1 | 3 | 0.00 | 0.00 |
| DM | 0 | 2 | 0 | 1 | 20 | 100 | 121.00 | 0 | 2 | 0.00 | 0.00 |
| RC | 1 | 0 | 0 | 0 | 15 | 41 | 41.00 | 1 | 1 | 0.00 | 0.00 |
| 1 | 0 | 0 | 0 | 15 | 72 | 72.00 | 1 | 1 | 0.00 | 0.00 | |
| MV | 0 | 1 | 0 | 1 | 10 | 134 | 134.00 | 0 | 1 | 0.00 | 0.00 |
| AW | 0 | 1 | 0 | 0 | 10 | 113 | 113.00 | 0 | 1 | 0.00 | 0.00 |
| AR | 0 | 1 | 0 | 1 | 10 | 132 | 132.00 | 0 | 1 | 0.00 | 0.00 |